Principles of Economics (Record no. 188172)

MARC details
000 -LEADER
fixed length control field 00454nam a2200181Ia 4500
008 - FIXED-LENGTH DATA ELEMENTS--GENERAL INFORMATION
fixed length control field 140306s9999 xx 000 0 und d
020 ## - INTERNATIONAL STANDARD BOOK NUMBER
International Standard Book Number 9780070587229
041 ## - LANGUAGE CODE
Language code of text/sound track or separate title eng
082 ## - DEWEY DECIMAL CLASSIFICATION NUMBER
Classification number 330
Item number SAL/PR
100 ## - MAIN ENTRY--PERSONAL NAME
Personal name Dominick, Salvatore
245 ## - TITLE STATEMENT
Title Principles of Economics
250 ## - EDITION STATEMENT
Edition statement 2
260 ## - PUBLICATION, DISTRIBUTION, ETC. (IMPRINT)
Place of publication, distribution, etc. New York
Name of publisher, distributor, etc. Tata Mc Graw Hill Publishing Co; Ltd.
Date of publication, distribution, etc. 1995
300 ## - PHYSICAL DESCRIPTION
Extent 400
365 ## - TRADE PRICE
Price amount Rs.325/-
700 ## - ADDED ENTRY--PERSONAL NAME
Personal name Eugene, A.Diulio
942 ## - ADDED ENTRY ELEMENTS (KOHA)
Source of classification or shelving scheme Dewey Decimal Classification
Koha item type Books (General)
Holdings
Withdrawn status Lost status Source of classification or shelving scheme Damaged status Not for loan Home library Current library Cost, normal purchase price Total Checkouts Full call number Date last seen Price effective from Koha item type
    Dewey Decimal Classification     College of Co-operation, Banking & Management Library, Vellanikkara College of Co-operation, Banking & Management Library, Vellanikkara 325.00   330 SAL/PR 22/03/2014 22/03/2014 Books (General)
Kerala Agricultural University Central Library
Thrissur-(Dt.), Kerala Pin:- 680656, India
Ph : (+91)(487) 2372219
E-mail: librarian@kau.in
Website: http://library.kau.in/